|
|
|
|
| LEADER |
00000naa2a2200000 4500 |
| 001 |
621743 |
| 005 |
20231221111252.0 |
| 035 |
|
|
|a (RuTPU)RU\TPU\conf\20359
|
| 035 |
|
|
|a RU\TPU\conf\20356
|
| 090 |
|
|
|a 621743
|
| 100 |
|
|
|a 20170118d2016 k y0rusy50 ca
|
| 101 |
0 |
|
|a rus
|
| 102 |
|
|
|a RU
|
| 105 |
|
|
|a y z 101zy
|
| 135 |
|
|
|a drcn ---uucaa
|
| 181 |
|
0 |
|a i
|
| 182 |
|
0 |
|a b
|
| 200 |
1 |
|
|a Исследование влияния механоактивации порошковой композиции на структуру спеченных изделий
|f Е. В. Дегтярева [и др.]
|g науч. рук. О. Ю. Ваулина
|
| 203 |
|
|
|a Текст
|c электронный
|
| 225 |
1 |
|
|a Технологии материалов новых поколений и наноматериалов
|
| 300 |
|
|
|a Заглавие с титульного экрана
|
| 320 |
|
|
|a [Библиогр.: с. 75 (2 наз.)]
|
| 463 |
|
1 |
|0 (RuTPU)RU\TPU\conf\20333
|t Высокие технологии в современной науке и технике (ВТСНТ-2016)
|o сборник научных трудов V Международной научно-технической конференции молодых ученых, аспирантов и студентов, г. Томск, 5–7 декабря 2016 г.
|f Национальный исследовательский Томский политехнический университет (ТПУ) ; под ред. А. Н. Яковлева
|v [С. 74-75]
|d 2016
|
| 610 |
1 |
|
|a труды учёных ТПУ
|
| 610 |
1 |
|
|a электронные ресурсы
|
| 610 |
1 |
|
|a механическая активация
|
| 610 |
1 |
|
|a физико-химические процессы
|
| 610 |
1 |
|
|a спеченные материалы
|
| 610 |
1 |
|
|a порошковая металлургия
|
| 610 |
1 |
|
|a рентгенографические методы
|
| 701 |
|
1 |
|a Дегтярева
|b Е. В.
|c специалист в области материаловедения
|c инженер Томского политехнического университета
|f 1995-
|g Евгения Витальевна
|3 (RuTPU)RU\TPU\pers\46657
|
| 701 |
|
1 |
|a Шпаркович
|b А.
|
| 701 |
|
0 |
|a Ло Цзянкунь
|
| 701 |
|
1 |
|a Ваулина
|b О. Ю.
|c специалист в области материаловедения
|c доцент Томского политехнического университета, кандидат технических наук
|f 1978-
|g Ольга Юрьевна
|3 (RuTPU)RU\TPU\pers\31265
|9 15443
|
| 702 |
|
1 |
|a Ваулина
|b О. Ю.
|c специалист в области материаловедения
|c доцент Томского политехнического университета, кандидат технических наук
|f 1978-
|g Ольга Юрьевна
|4 727
|
| 712 |
0 |
2 |
|a Национальный исследовательский Томский политехнический университет (ТПУ)
|b Институт физики высоких технологий (ИФВТ)
|b Кафедра материаловедения в машиностроении (ММС)
|3 (RuTPU)RU\TPU\col\18688
|
| 712 |
0 |
2 |
|a Национальный исследовательский Томский политехнический университет
|b Инженерная школа новых производственных технологий
|b Отделение материаловедения
|3 (RuTPU)RU\TPU\col\23508
|
| 801 |
|
2 |
|a RU
|b 63413507
|c 20201111
|g RCR
|
| 856 |
4 |
|
|u http://earchive.tpu.ru/handle/11683/36433
|
| 942 |
|
|
|c BK
|